| 000 | 00320nam a2200097Ia 4500 | ||
|---|---|---|---|
| 008 | 220120s9999||||xx |||||||||||||| ||und|| | ||
| 100 |
_aSameera, Chethan Kumar _912089 |
||
| 245 | 0 | _aPC based multimeter measuring systems | |
| 260 |
_aCoorg Institute of Technology _bPonnampet _c2007 |
||
| 650 | _aELECTRONICS AND COMMUNICATIONS | ||
| 999 |
_c137674 _d137674 |
||